[Event "GER-chT North U14"]
[White "Kagel, Jan Malte"]
[Black "Buenz, Hendrik"]
[Site "Magdeburg"]
[Round "7.4"]
[Result "1/2-1/2"]
[Date "2012.09.09"]
[WhiteElo "992"]
[BlackElo "1003"]
[PlyCount "77"]
[EventDate "2012.09.06"]
[EventType "team-swiss"]
[EventRounds "7"]
[EventCountry "GER"]
[SourceTitle "EXT 2015"]
[Source "ChessBase"]
[SourceDate "2014.11.20"]
[SourceVersion "1"]
[SourceVersionDate "2014.11.20"]
[SourceQuality "1"]
[WhiteTeam "Bad Schwartau"]
[BlackTeam "Wildeshausen"]
[WhiteTeamCountry "GER"]
[BlackTeamCountry "GER"]

1. e4 e5 2. Nf3 Nc6 3. Bc4 Nf6 4. Nc3 Nxe4 5. Bxf7+ Kxf7 6. Nxe4 h6 7. 0-0 d5 8. Nc3 Bc5 9. Re1 e4 10. d4 Bb4 11. Ne5+ Nxe5 12. dxe5 c6 13. Bf4 g5 14. Qh5+ Ke7 15. Bg3 d4 16. a3 Bxc3 17. bxc3 dxc3 18. Rad1 Qe8 19. Qxe8+ Rxe8 20. Rxe4 Bf5 21. Re2 Rad8 22. Rd6 h5 23. h4 g4 24. Bf4 Rxd6 25. exd6+ Kd7 26. Rxe8 Kxe8 27. Kf1 Bxc2 28. Ke2 Bf5 29. Kd1 c2+ 30. Kc1 b5 31. Be3 Kd7 32. Bxa7 Kxd6 33. g3 c5 34. Bb8+ Kd5 35. Bf4 Kc4 36. Be5 Kb3 37. Bb2 b4 38. axb4 cxb4 39. Ba1 1/2-1/2